01309cam a22004214i 4500003000900000005001700009008004100026035001800067035001800085040003300103082002100136100003700157245010800194264004000302300004500342336002100387337002500408338002300433490003400456505018000490526001000670526001000680526000900690526000900699526000900708526000900717526000900726526000900735526000900744526000800753526000800761526000800769526000800777526000800785630005200793700002300845700001900868PE-LiUPU20250731165623.0150616s r 000 0 d a(Sirsi) a6157 a(Sirsi) a6157 aPE-LiUPUbspacPE-LiUPUerda04a220.602bB972211 aButtrick, George Arthur,eautor.10aPhilippians Colossians Thessalonians Pastoral Epistles Philemon Hebrews.n11 /cGeorge Arthur Buttrick. 1aNashville :bAbingdon Press,c1955. a763 páginas :bIlustraciones ;c25 cm. atext2rdacontent aunmediated2rdamedia avolume2rdacarrier0 aThe Interpreter's Bible ;v110 aThe epistle to the Philippians -- The epistleto the Colossians -- The first and second epistles to the Thesssalonians -- The epistle to Philemon -- The epistle to the Hebrews. aSEG44 aSEG26 aP151 aP150 aP149 aP146 aP145 aP126 aP125 aP92 aP75 aP74 aP27 aP15 aBiblia.pN.T.pFilipenses-HebreosxComentarios.1 aRussell B., Walter1 aScherer, Paul.